Bags - Clairo - Statistics

General Stats
  • This quiz has been taken 343 times
  • The average score is 215 of 297
Answer Stats
Hint Answer % Correct
I
98%
the
96%
you
96%
don't
94%
me
94%
to
94%
Verse 1 Every
93%
every
93%
wanna
92%
anymore
91%
can
91%
Chorus Can
91%
out
91%
counts
89%
second
89%
talk
89%
time
88%
all
87%
bags
87%
with
87%
your
87%
door
84%
for
84%
see
84%
walking
83%
right
82%
want
82%
be
80%
but
80%
im
80%
tv
79%
waiting
78%
watch
78%
mine
77%
if
75%
pleasures
75%
figure
74%
hold
73%
can't
72%
call
70%
could
70%
everything
70%
games
70%
little
70%
back
69%
by
68%
gave
68%
name
68%
these
68%
guess
67%
just
67%
worse
67%
this
65%
couch
64%
of
64%
on
64%
read
64%
using
61%
and
57%
more
57%
yesterday
57%
it
56%
waste
56%
my
55%
in
54%
fun
49%
fine
47%
should
47%
told
47%
wine
46%
corners
44%
forward
44%
so
44%
yeah
44%
cut
43%
glass
43%
have
43%
Verse 2 Pour
43%
rush
43%
inside
42%
know
42%
doin'
40%
mitchell
40%
not
38%
type
38%
run
37%
cheeks
36%
having
35%
then
35%
under
35%
what's
35%
bed
34%
flushed
34%
that
33%
are
32%
kissing
32%
make
32%
cases
29%
head
29%
were
29%
you'd
27%
emotions
26%
let
25%
mouth
25%
savor
25%
sugar
23%
Bridge Tell
23%
myself
22%
pardon
22%
spill
22%
coated
20%
open
20%
how
18%
keep
18%
melting
18%
felt
17%
probably
16%
No matching quizzes found
Score Distribution
Percent of People with Each Score
Percentile by Number Answered
Your Score History
You have not taken this quiz